国土地理院 20万分の1地勢図 - Statistics

General Stats
  • This quiz has been taken 137 times
  • The average score is 58 of 130
Answer Stats
都道府県 Answer % Correct
札幌
90%
青森 青森
84%
稚内
83%
釧路
83%
福島 福島
83%
函館
82%
栃木 宇都宮
81%
千葉 千葉
81%
宮城 仙台
80%
茨城 水戸
80%
旭川
79%
八戸
79%
岩手 盛岡
79%
秋田 秋田
79%
東京 東京
77%
弘前
76%
帯広
74%
根室
74%
苫小牧
74%
網走
73%
新潟
70%
愛知 名古屋
70%
京都大阪 京都及大阪
70%
和歌山 和歌山
69%
長野 長野
68%
岐阜 岐阜
68%
鳥取 鳥取
68%
島根 松江
68%
北見
67%
室蘭
67%
石川 金沢
67%
山梨 甲府
67%
静岡 静岡
67%
岡山香川 岡山及丸亀
67%
山口 山口
67%
広島 広島
66%
福岡 福岡
66%
鹿児島 鹿児島
66%
徳島 徳島
65%
長崎 長崎
65%
熊本 熊本
65%
宮崎 宮崎
65%
富山 富山
64%
愛媛 松山
64%
高知 高知
63%
大分 大分
63%
酒田
62%
沖縄県 那覇
62%
一関
61%
長岡
61%
豊橋
61%
留萌
60%
石巻
60%
兵庫 姫路
59%
日光
58%
三重 伊勢
58%
高山
57%
名寄
55%
佐賀 唐津
55%
飯田
53%
石垣島
53%
浜田
52%
紋別
50%
小笠原諸島
50%
田辺
50%
延岡
50%
屋久島
50%
奄美大島
50%
新潟 村上
49%
宇和島
49%
宮古島
49%
山形 新庄
48%
七尾
48%
輪島
48%
八代
46%
八丈島
44%
中津
40%
神奈川 横須賀
39%
男鹿
38%
白河
37%
三宅島
34%
天塩
33%
福江
33%
徳之島
30%
枝幸
29%
標津
28%
高田
28%
斜里
27%
浦河
27%
京都 宮津
27%
久米島
26%
広尾
25%
与論島
25%
深浦
24%
羽幌
21%
岩内
17%
御蔵島
17%
厳原
17%
野辺地
16%
岡山 高梁
16%
甑島
15%
御前崎
14%
宝島
12%
色丹島
11%
相川
10%
窪川
10%
北海道 蘂取
9%
紗那
9%
西郷
9%
大多喜
7%
剣山
7%
魚釣島
7%
渡島大島
6%
伊良湖岬
6%
黒島
6%
中之島
6%
尻屋崎
5%
小串
5%
見島
5%
安渡移矢岬
4%
知床岬
4%
夕張岳
4%
木本
4%
大社
4%
野母崎
4%
別飛
3%
久遠
3%
富江
3%
開聞岳
3%
得茂別湖
3%
No matching quizzes found
Score Distribution
Percent of People with Each Score
Percentile by Number Answered
Your Score History
You have not taken this quiz